Statistiques concernant Plexus veineux pterygoïdien latéral

Cliquez ici pour prendre le quiz!

Statistiques générales

  • Ce quiz a été pris 6 fois
  • Le résultat moyen est 2 sur 8

Statistiques - réponses

Answer % Correct
Buccale
50%
Massétérique
50%
Alvéolaire supérieure
25%
Sphéno-palatine
25%
Faciale profonde
25%
Infra orbitaire
0%
Canal ptérygoïdien
0%
Mylo hyoïdienne
0%

Distribution des résultats

Percentile by Number Answered

% des personnes avec chaque résultat

Votre développement - résultats

Vous n’avez pas pris ce quiz